|
|
|
|
| LEADER |
00000cam a2200000 i 4500 |
| 003 |
Ucuenca |
| 005 |
20230308175719.0 |
| 006 |
a||||fr|||| 001 || |
| 007 |
ta |
| 008 |
979101t1977 mx aaaafr |||1|||spa a |
| 040 |
|
|
|b spa
|a UCuenca-cdrjbv
|c UCuenca
|e rda
|
| 041 |
0 |
|
|a spa
|
| 082 |
0 |
|
|a 617.15
|2 21
|c 18111
|
| 100 |
1 |
|
|9 107416
|a Netter, Frank H.
|d 1906-1991
|e autor
|
| 245 |
0 |
0 |
|a Traumatología /
|c Walter F. Ballinger, Robert B. Rutherford, George D. Zuidema., Arnulfo Ramos Figueroa traductor.
|
| 250 |
|
|
|a Segunda edición.
|
| 264 |
|
1 |
|a México:
|b Editorial Interamericana,
|c 1977.
|
| 264 |
|
4 |
|c ©1977
|
| 300 |
|
|
|a xvi, 744 páginas:
|b gra
|c 26 cm
|
| 336 |
|
|
|2 rdacontent
|a texto
|b txt
|
| 337 |
|
|
|2 rdamedia
|a no mediado
|b n
|
| 338 |
|
|
|2 rdacarrier
|a volumen
|b nc
|
| 504 |
|
|
|a incl. ref.
|
| 504 |
|
|
|a incl. ind.
|
| 650 |
1 |
7 |
|a Traumatología
|9 4531
|2 UCuenca-cdrjbv
|
| 650 |
1 |
7 |
|a Traumatismos
|9 44337
|2 UCuenca-cdrjbv
|
| 650 |
1 |
7 |
|a Anatomía
|9 4548
|2 UCuenca-cdrjbv
|
| 651 |
|
|
|2 UCuenca-cdrjbv
|
| 700 |
1 |
|
|a Ballinger, Walter F.
|9 203701
|e autor
|
| 700 |
1 |
|
|a Zuidema, George D.
|9 84209
|e autor
|
| 700 |
1 |
|
|a Ramos Figueroa, Arnulfo.
|9 203702
|e autor
|
| 700 |
1 |
|
|a Freyberg, RIchard H.
|9 230733
|e traductor
|
| 852 |
|
|
|a UC-SALUD
|f Compra
|l 1
|m General
|p 19791015
|q S/. 1.764
|t 18111
|b 0
|d CDRS
|e CDRS
|g 617.15 18111
|z 1979-91-01
|
| 942 |
|
|
|c BK
|2 ddc
|r margoth.maza@ucuenca.edu.ec
|
| 999 |
|
|
|c 50807
|d 50807
|